Non capital European cities in Chinese - Statistics

General Stats
  • This quiz has been taken 8 times
  • The average score is 12 of 20
Answer Stats
Hint Answer % Correct
Anteweipu Antwerp
86%
Basailuona Barcelona
86%
Bominghan Birmingham
86%
Nabulesi Naples
86%
Boertu Porto
86%
Hanbao Hamburg
71%
Yisitanbao Istanbul
71%
Kelakao Krakow
71%
Li'ang Lyon
71%
Shengpitebao St Petersburg
71%
Balunxiya Valencia
71%
Dubuluofunike Dubrovnik
57%
Sulishi Zurich
57%
Feilengcui Florence
43%
Kashan Kazan
43%
Haiya The Hague
43%
Saisaluoniji Thessaloniki
43%
Bulaimei Bremen
29%
Yinsibuluke Innsbruck
29%
Xiefeierde Sheffield
29%
No matching quizzes found
Score Distribution
Percent of People with Each Score
Percentile by Number Answered
Your Score History
You have not taken this quiz